LEADER 00942nam a2200217 i 4500 001 000000070656 003 CaOOAMICUS 005 20131120000000.0 008 131120s1883 xx u000 u fre u 013 $a41828 040 $aSeMil$bita 100 1 $aJanet, Paul <1823-1899>.$0(OLS)http://semarc/name/35193 245 10$aTraité élémentaire de philosophie a l'usage des classes :$bà l'usage des classes /$cpar Paul Janet. 250 $a3. éd., revue et corrigée. 260 $aParis :$bCh. Delagrave,$c1883. 300 $aVIII, 893 p. ;$c23 cm. 650 4$aFilosofia - Introduzioni.$0(OLS)http://semarc/subject/137 850 $aSeMil 852 $aSeMil$W1$xVenegono$y1$m2P III 37 FA$j36809$B36809$CSeMilBibl$Z2$F36812 $8I 996 $6245$aTraité élémentaire de philosophie a l'usage des classes :$bà l'usage des classes$9(OLS)http://semarc/title/113515 996 $6260$aParis :$bCh. Delagrave$9(OLS)http://semarc/publisher/38859 LEADER 01226nam a2200289 i 4500 001 000000112392 003 CaOOAMICUS 005 20211228090846.0 008 041029s2004 it u000 u ita u 013 $a85076 020 $a88-7016-452-7 040 $aSeMil$bita 100 1 $aNoffke, Eric.$0(OLS)http://semarc/name/47068 245 10$aIntroduzione alla letteratura mediogiudaica precristiana /$cEric Noffke. 260 $aTorino :$bClaudiana,$c2004. 300 $a267 p. ;$c24 cm. 490 1 $aStrumenti ;$v18 650 4$aBibbia - Apocrifi - Commentari, studi, critica, interpretazioni.$0(OLS)http://semarc/subject/8747 650 4$aGiudaismo - Storia - Sec. 4.a.C.-2. - Fonti.$0(OLS)http://semarc/subject/20224 830 0$aStrumenti ;$v18.$0(OLS)http://semarc/title/438498 850 $aSeMil 852 $aSeMil$W1$xVenegono$y1$m2WA G 18$j231145$B68151$CSeMilBibl$Z2$F88314 $81 961 $aSottoscrizione: Claudiana 996 $6020$a88-7016-452-7$9(OLS)http://semarc/number/94949 996 $6245$aIntroduzione alla letteratura mediogiudaica precristiana$9(OLS)http://semarc/title/163842 996 $6260$aTorino :$bClaudiana$9(OLS)http://semarc/publisher/29837